|
|
|
|
| LEADER |
00000nab a2200000 a 4500 |
| 001 |
vtls000747639 |
| 003 |
SK-MaSNL |
| 005 |
20260304111604.0 |
| 008 |
250429c2000 xo 0 slo |
| 015 |
|
|
|a SNBRB2001/02-02591
|
| 035 |
|
|
|a CLN000099469
|
| 035 |
|
|
|a urn:nbn:sk:snk-ab34n7
|
| 035 |
|
|
|a (urnnbn)urn:nbn:sk:snk:ar-a05vc1
|
| 035 |
|
|
|a (uuid)4666cecc-3706-4b0c-9a62-88735b3ac36f
|
| 040 |
|
|
|a SNKBUCL
|b slo
|c SNKBUCL
|e AACR2
|
| 041 |
0 |
|
|a slo
|
| 044 |
|
|
|a xo
|c SK
|
| 080 |
|
|
|a 614.23:37
|2 1997
|
| 080 |
|
|
|a 614.253:37
|2 1997
|
| 100 |
1 |
|
|a Štefanovič, Ján,
|d 1928-
|4 aut
|9 155923
|
| 245 |
1 |
0 |
|a Vplyv vedeckovýskumnej činnosti na rozvoj osobnosti pri výchove a vzdelávaní zdravotníckych pracovníkov
|c Ján Štefanovič, Milan Buc
|
| 246 |
1 |
1 |
|a Ihe influence of the scientific research activity on personality advancement in education of health care workers
|
| 504 |
|
|
|a Res. angl., slov.
|
| 504 |
|
|
|a Bibliogr. odkazy
|
| 650 |
0 |
7 |
|a pracovníci zdravotnícki
|x vzdelávanie
|x osobnosť učiteľa
|2 snkbucl
|9 1412152
|
| 650 |
0 |
7 |
|a osobnosť učiteľa
|2 snkbucl
|9 383879
|
| 650 |
0 |
7 |
|a činnosť vedeckovýskumná
|2 snkbucl
|9 1197880
|
| 655 |
|
7 |
|a články z novín a časopisov
|2 snkbucl
|9 267496
|
| 700 |
1 |
|
|a Buc, Milan,
|d 1944-
|4 aut
|9 200548
|
| 773 |
0 |
|
|t Praktická gynekológia
|g Roč. 7, č. 4 (2000), s. 97-99
|x 1335-4221
|
| 850 |
|
|
|a Slovenská národná knižnica
|
| 852 |
|
|
|a Slovenská národná knižnica
|
| 954 |
|
|
|a odborná, vedecká literatúra pôvodná (slovenská)
|2 lita
|
| 958 |
|
|
|a article27
|
| 958 |
|
|
|a MI
|
| 958 |
|
|
|a NB
|
| 958 |
|
|
|a OND
|
| 958 |
|
|
|a EUIPO
|
| 999 |
|
|
|c 2862839
|d 2864769
|